[Event "Challenge"]
[Site "http://www.queenalice.com/game.php?id=4993"]
[Date "2005.2.8"]
[Round "-"]
[White "Csar"]
[Black "angusws"]
[Result "0-1"]
[WhiteElo "1030"]
[BlackElo "1378"]

1. b4 e5 2. c3 d5 3. e4 Nf6 4. Bb5+ Bd7 5. Bxd7+ Qxd7 6. Nf3 Nxe4 7. Nxe5 Qe6 8.
d3 Nxc3 9. Nxc3 Qxe5+ 10. Qe2 Bd6 11. Qxe5+ Bxe5 12. Bd2 Nc6 13. b5 Nd4 14.
O-O-O O-O-O 15. Rhe1 Rhe8 0-1

[Event "Let's Play Chess!"]
[Site "http://www.queenalice.com/game.php?id=4995"]
[Date "2005.2.9"]
[Round "-"]
[White "hardcore"]
[Black "angusws"]
[Result "0-1"]
[WhiteElo "1381"]
[BlackElo "1343"]

1. e3 e5 2. Bc4 d5 3. Be2 Nf6 4. d4 Bd6 5. c3 Nc6 6. b4 a6 7. Qa4 Bd7 8. Nf3
Nxd4 9. Qd1 Nc6 10. g3 O-O 11. Ng5 h6 12. Nh3 Bxh3 13. g4 Qd7 14. f3 b5 15. Rg1
e4 16. Bf1 Bxf1 17. Rxf1 exf3 18. Rf2 Be5 19. Qxf3 Nxb4 20. Ba3 c5 21. Kf1 Nxg4
22. Qh3 Rfd8 23. Bb2 Nxf2 24. Qh5 Nc2 25. Qxe5 f6 26. Qg3 Ne4 27. Qg2 Nxa1 28.
Bxa1 Qf5+ 29. Ke1 Ng3 30. Nd2 Ne4 31. Nb3 Re8 0-1

[Event "Challenge"]
[Site "http://www.queenalice.com/game.php?id=4996"]
[Date "2005.2.9"]
[Round "-"]
[White "angusws"]
[Black "appalachia"]
[Result "1-0"]
[WhiteElo "1229"]
[BlackElo "1067"]

1. e4 c5 2. Nf3 e6 3. d4 Nc6 4. c3 b6 5. Bb5 Bb7 6. O-O Bd6 7. Bg5 Nf6 8. Nbd2
O-O 9. e5 Bxe5 10. Nxe5 Qc7 11. Bxf6 1-0

[Event "Let's Play Chess!"]
[Site "http://www.queenalice.com/game.php?id=5034"]
[Date "2005.2.10"]
[Round "-"]
[White "alepitboe"]
[Black "angusws"]
[Result "0-1"]
[WhiteElo "1483"]
[BlackElo "1392"]

1. Nf3 d5 2. d4 Nf6 3. Nc3 Nc6 4. Ng5 Bg4 5. f3 Bh5 6. g4 Bg6 7. Nb5 a6 8. Nc3
h6 9. Nh3 e6 10. Bf4 Bb4 11. a3 Ba5 12. b4 Bb6 13. Be5 O-O 14. Nf4 Qd7 15. Bxf6
gxf6 16. Nh5 Bxh5 17. gxh5 Bxd4 18. Qd2 b5 19. Rg1+ Kh7 20. e3 Bb6 21. e4 Bxg1
22. exd5 Ne5 23. Bg2 Rad8 24. Ne4 Qe7 25. f4 exd5 26. Qe2 dxe4 27. Bxe4+ Kh8 28.
Rd1 Rxd1+ 29. Kxd1 Rd8+ 30. Kc1 c5 31. Qe1 Bd4 32. fxe5 Qxe5 33. bxc5 Qxc5 34.
Bd3 Qxa3 35. Kd1 Qa1 36. Kd2 Bc3 37. Ke2 Qxe1 38. Kf3 b4 39. Kf4 Rd4 40. Kf3 b3
41. cxb3 Rxd3 42. Kg4 Qe4 0-1

[Event "AUTO-LOW-01"]
[Site "http://www.queenalice.com/game.php?id=5092"]
[Date "2005.2.11"]
[Round "1"]
[White "angusws"]
[Black "littleboo"]
[Result "0-1"]
[WhiteElo "1319"]
[BlackElo "1460"]

1. e4 e5 2. Nf3 Nc6 3. Bc4 Nf6 4. Ng5 d5 5. exd5 Nxd5 6. Nxf7 Kxf7 7. Qf3+ Ke6
8. Nc3 Nb4 9. Qe4 c6 10. a3 Qa5 11. d4 Kd7 12. Qf5+ Kd8 13. Bg5+ Ne7 14. Be6
Bxe6 15. Qxe6 Nxc2+ 16. Ke2 Nxd4+ 0-1

[Event "AUTO-LOW-01"]
[Site "http://www.queenalice.com/game.php?id=5093"]
[Date "2005.2.11"]
[Round "1"]
[White "littleboo"]
[Black "angusws"]
[Result "1/2-1/2"]
[WhiteElo "1427"]
[BlackElo "1376"]

1. e4 e5 2. Nf3 Nc6 3. Nc3 Nf6 4. Bc4 Bc5 5. a3 O-O 6. O-O d6 7. d3 Bg4 8. h3
Bh5 9. g4 Bg6 10. Na4 a6 11. Nxc5 dxc5 12. Bd2 b5 13. Ba2 Qd7 14. Bc3 Rfe8 15.
Re1 Rab8 16. Kh2 b4 17. Bd2 bxa3 18. bxa3 Nd4 19. Kg2 Rb2 20. Bd5 Nxd5 21. Nxd4
exd4 22. Qc1 Rbb8 23. exd5 Qxd5+ 24. f3 h6 25. Rb1 c4 26. Bf4 Qc5 27. Re5 Qc6
28. Rxb8 Rxb8 29. Re7 Rc8 30. Qb2 cxd3 31. cxd3 Bxd3 32. Qxd4 Qc2+ 33. Qf2 Qxf2+
34. Kxf2 c5 35. Ke3 c4 36. Kd4 Bb1 37. Bc7 Kf8 38. Bd6 Rd8 39. Rd7+ Ke8 40.
Rxd8+ Kxd8 41. Bf8 Ba2 1/2-1/2

[Event "AUTO-LOW-01"]
[Site "http://www.queenalice.com/game.php?id=5094"]
[Date "2005.2.11"]
[Round "1"]
[White "angusws"]
[Black "Pestilence"]
[Result "1-0"]
[WhiteElo "1311"]
[BlackElo "1286"]

1. e4 e5 2. Nf3 Nc6 3. Bc4 Bc5 4. c3 Nf6 5. d4 exd4 6. cxd4 Bb4+ 7. Bd2 Nxe4 8.
Bxb4 Nxb4 9. Bxf7+ Kxf7 10. Qb3+ d5 11. Ne5+ Kg8 12. f3 Nf6 13. Qxb4 a5 14. Qd2
Qe7 15. O-O Nd7 16. Nc3 c6 17. Rfe1 Nxe5 18. Rxe5 Qf6 19. Re8+ Kf7 20. Rxh8 Qd6
21. Rxh7 Bf5 22. Rh4 Qf6 23. Rf4 Qg5 24. Re1 Re8 25. Re5 Rxe5 26. dxe5 Kg6 27.
Rd4 b5 28. Qxg5+ Kxg5 29. h4+ Kg6 30. g4 Be6 31. Kf2 b4 32. Ne2 c5 33. Nf4+ Kf7
34. Rd2 a4 35. Nxe6 Kxe6 36. f4 c4 37. Rd4 b3 38. axb3 axb3 39. h5 c3 40. bxc3
b2 41. Rb4 d4 42. cxd4 Kd5 43. Ke3 b1=Q 44. Rxb1 1-0

[Event "AUTO-LOW-01"]
[Site "http://www.queenalice.com/game.php?id=5095"]
[Date "2005.2.11"]
[Round "1"]
[White "Pestilence"]
[Black "angusws"]
[Result "0-1"]
[WhiteElo "1286"]
[BlackElo "1328"]

1. e4 e5 2. Nf3 Nc6 3. Bb5 Nf6 4. O-O Nxe4 5. d4 Be7 6. Qe2 Nd6 7. Bxc6 dxc6 8.
dxe5 Nb5 9. Nc3 Nxc3 10. bxc3 Bg4 11. h3 Bh5 12. g4 Bg6 13. e6 Qd5 14. c4 Qxe6
15. Qxe6 fxe6 16. Re1 O-O-O 17. Ne5 Bf6 18. Nxg6 hxg6 19. Bf4 Bxa1 20. Rxa1 Rxh3
21. Re1 Rh4 22. f3 Rf8 23. Bg5 Rh3 24. f4 Rg3+ 25. Kf2 Rxg4 26. Rxe6 Rh8 27. Re3
Rh2+ 28. Kf1 Rhg2 29. Rd3 Rg1+ 30. Ke2 R4g2+ 31. Ke3 Rg3+ 32. Ke4 Rxd3 33. cxd3
Ra1 34. Ke5 Rxa2 35. Ke6 b5 36. Kf7 b4 37. Kxg7 b3 38. Bf6 b2 39. Bxb2 Rxb2 40.
Kxg6 Kd8 41. Kf6 a5 42. Ke6 a4 43. f5 Re2+ 44. Kf7 a3 45. f6 a2 46. Kg8 a1=Q 47.
Kf8 Qxf6+ 0-1

[Event "Challenge"]
[Site "http://www.queenalice.com/game.php?id=6219"]
[Date "2005.3.4"]
[Round "-"]
[White "angusws"]
[Black "fabian"]
[Result "0-1"]
[WhiteElo "1406"]
[BlackElo "1327"]

1. e4 e6 2. d4 Qf6 3. Nf3 Nc6 4. Nc3 Bb4 5. Bd2 a5 6. Bb5 Qg6 7. O-O Nf6 8. Qe2
Ng4 9. h3 Nh6 10. a3 Bd6 11. Bd3 b6 12. e5 Qh5 13. exd6 cxd6 14. Kh2 O-O 15. Qe3
d5 16. Qxh6 gxh6 17. g4 Qg6 18. Bxg6 fxg6 19. Ne5 Ne7 0-1

[Event "Challenge"]
[Site "http://www.queenalice.com/game.php?id=6521"]
[Date "2005.3.9"]
[Round "-"]
[White "Andre"]
[Black "angusws"]
[Result "0-1"]
[WhiteElo "1284"]
[BlackElo "1380"]

1. e4 e5 2. Nf3 Nc6 3. Nc3 Nf6 4. a3 Bc5 5. b4 Bb6 6. Bc4 d6 7. Nh4 Nxe4 8. Nxe4
Qxh4 9. d3 f5 10. Ng5 Qxf2# 0-1

[Event "Let's Play Chess!"]
[Site "http://www.queenalice.com/game.php?id=7402"]
[Date "2005.3.21"]
[Round "-"]
[White "Pegasus"]
[Black "angusws"]
[Result "1-0"]
[WhiteElo "1454"]
[BlackElo "1420"]

1. d4 d5 2. c4 e6 3. cxd5 exd5 4. Nf3 Nc6 5. Nc3 Nf6 6. Bg5 Be7 7. Bxf6 Bxf6 8.
e3 Bg4 9. Be2 Qe7 10. O-O O-O-O 11. Re1 g5 12. h3 Bxf3 13. Bxf3 Qe6 14. Bg4 Be5
15. Bxe6+ 1-0

[Event "Let's Play Chess!"]
[Site "http://www.queenalice.com/game.php?id=7676"]
[Date "2005.3.24"]
[Round "-"]
[White "angusws"]
[Black "Boeing"]
[Result "0-1"]
[WhiteElo "1412"]
[BlackElo "1663"]

1. e4 e5 2. Nf3 d6 3. d4 exd4 4. Nxd4 c5 5. Nf3 Bg4 6. h3 Bxf3 7. Qxf3 Nf6 8.
Bg5 Be7 9. Nc3 Nc6 10. O-O-O Nd4 11. Qe3 Nd7 12. Bxe7 Qxe7 13. Nd5 Qd8 14. Bb5
Nxb5 15. f4 O-O 16. g4 Qa5 17. a3 Qa4 18. h4 Nd4 19. Rh2 Rae8 20. g5 Nf5 21. Qf3
Nd4 22. Qe3 Nf5 23. Qf3 Rxe4 24. Nc3 Re3 25. Qxb7 Qxf4 26. Rhd2 Re1 27. Rxe1 Ne5
0-1

[Event "Challenge"]
[Site "http://www.queenalice.com/game.php?id=7970"]
[Date "2005.3.27"]
[Round "-"]
[White "angusws"]
[Black "Andre"]
[Result "0-1"]
[WhiteElo "1444"]
[BlackElo "1251"]

1. e4 e5 2. Nf3 Nc6 3. Bc4 a6 4. c3 b5 5. Bd5 Nf6 6. Qe2 Bc5 7. O-O Ng4 8. h3
Nf6 9. b4 Bd6 10. a3 Nh5 11. d4 f6 12. Nbd2 Nf4 13. Qe3 g5 14. Bb2 exd4 15. cxd4
Rb8 16. Rfe1 h5 0-1

[Event "AUTO-OPEN-67"]
[Site "http://www.queenalice.com/game.php?id=8310"]
[Date "2005.3.30"]
[Round "1"]
[White "angusws"]
[Black "Namaste"]
[Result "0-1"]
[WhiteElo "1406"]
[BlackElo "1528"]

1. e4 c6 2. d4 d5 3. Nc3 dxe4 4. Nxe4 Bf5 5. Ng3 Bg6 6. Nf3 Nd7 7. Be2 Ngf6 8.
Bf4 e6 9. a3 h6 10. O-O c5 11. c4 cxd4 12. Qxd4 Bc5 13. Qd2 Rc8 14. b4 Be7 15.
h3 Nb6 16. Rfd1 Qxd2 17. Rxd2 O-O 0-1

[Event "AUTO-OPEN-67"]
[Site "http://www.queenalice.com/game.php?id=8311"]
[Date "2005.3.30"]
[Round "1"]
[White "Namaste"]
[Black "angusws"]
[Result "1-0"]
[WhiteElo "1501"]
[BlackElo "1406"]

1. e4 e5 2. Nf3 Nc6 3. Bb5 a6 4. Ba4 Nf6 5. O-O Nxe4 6. Re1 d5 7. d4 Qd6 8. c4
Be6 9. cxd5 Bxd5 10. dxe5 Qe6 11. Nbd2 O-O-O 12. Nxe4 Bxe4 13. Qe2 Bb4 14. Qxe4
1-0